000 00370nam a2200133 a 4500
005 20140412111304.0
008 110408s19uu xx 00 eng d
020 _a962-00-1237-2
050 _aTR(GS 420.7
_bGo63 1985
245 _aGogo's adventures with English :
_bPicture dictionary.
260 _aHongkong :
_bLongman Asia,
_c1995.
300 _aunp.
999 _c103595
_d103595